Southville International School and Colleges
Your cart is empty.
  • Cart
  • Lists
    Public lists list_1 View all
    Your lists Log in to create your own lists
  • Log in to your account
  • Your cookies
  • Search history
Southville International School and Colleges
  • Advanced search
  • Recent comments
  • Most popular
  • Libraries

Log in to your account

Log in with GOOGLE


If you do not have an external account, but do have a local account, you can still log in:

  1. Home
  2. MARC view: McMinn's colour atlas of human anatomy/.
Normal view MARC view ISBD view

McMinn's colour atlas of human anatomy/. (Record no. 20787)

[ view plain ]
MARC details
000 -LEADER
fixed length control field 00462nam a2200169 a 4500
005 - DATE AND TIME OF LATEST TRANSACTION
control field 20140310183251.0
008 - FIXED-LENGTH DATA ELEMENTS--GENERAL INFORMATION
fixed length control field 041021s19uu xx 00 eng d
050 ## - LIBRARY OF CONGRESS CALL NUMBER
Classification number QM 25
Item number .Ab83 2003
100 ## - MAIN ENTRY--PERSONAL NAME
Personal name Abrahams, P.H.
245 ## - TITLE STATEMENT
Title McMinn's colour atlas of human anatomy/.
Statement of responsibility, etc P.H. Abrahams
300 ## - PHYSICAL DESCRIPTION
Extent 371 p. :
Other physical details ill. ;
Dimensions 28 cm.
650 ## - SUBJECT ADDED ENTRY--TOPICAL TERM
Topical term or geographic name as entry element Human anatomy.
700 ## - ADDED ENTRY--PERSONAL NAME
Personal name Marks, S.C. Jr.
700 ## - ADDED ENTRY--PERSONAL NAME
Personal name Hutchings, R.T.
942 ## - ADDED ENTRY ELEMENTS (KOHA)
Koha item type Books
Source of classification or shelving scheme Library of Congress Classification
Call number prefix Foreign
Holdings
Withdrawn status Lost status Source of classification or shelving scheme Damaged status Home library Current library Shelving location Date acquired Total Checkouts Total Renewals Full call number Barcode Date last seen Date checked out Copy number Price effective from Koha item type
    Library of Congress Classification   College Library College Library General Circulation Section 10/21/2004 4 10 QM 25 .Ab83 2003 C5364 05/15/2018 11/24/2015 1 03/10/2014 Books

McMinn's colour atlas of human anatomy/.

APA

Abrahams P., Marks S. J. & Hutchings R.McMinn's colour atlas of human anatomy. : .

Chicago

Abrahams P.H, Marks S.C Jr and Hutchings R.T.McMinn's colour atlas of human anatomy. : .

Harvard

Abrahams P., Marks S. J. and Hutchings R.McMinn's colour atlas of human anatomy. : .

MLA

Abrahams P.H, Marks S.C Jr and Hutchings R.T.: . .

  • Place hold
  • Print
  • Cite
  • Add to your cart (remove)
  • Save record
    BIBTEX Dublin Core MARCXML MARC (non-Unicode/MARC-8) MARC (Unicode/UTF-8) MARC (Unicode/UTF-8, Standard) MODS (XML) RIS
  • More searches
    Search for this title in:
    Other Libraries (WorldCat) Other Databases (Google Scholar) Online Stores (Bookfinder.com) Open Library (openlibrary.org)

Exporting to Dublin Core...

SOUTHVILLE LIBRARY

Southville International School and Colleges Library

1281 Tropical Ave. Cor. Luxembourg St., BF Homes International, Las Pinas City

Tel. No. 8256374 / 252358 Loc. 117/146

Powered by Koha